000 00683nam a2200217 i 4500
001 11944
003 ES-MaACL
005 20230906150216.0
007 t|
008 970115s1931 xxua |||| | eng d
080 _a930.85(84/87)
080 _a904(84/87)
100 1 _aMeans, Philip Ainsworth.
_979637
245 1 0 _aAncient civilizations of the Andes /
_cby Philip Ainsworth Means.
260 _aNew York :
_bCharles Scribner's Sons,
_c1931.
300 _aXVIII, 586 p., :
_bil. ;
_c24 cm.
504 _aBibliografía: p. 545-573.
650 4 _aIndios de América del Sur-
_xCivilización.
_913682
651 4 _aAndes (Región)-
_xHistoria.
_97777
852 _aES-MaACL
_jG-4499
999 _c11944
_d11944